Encyclopédie, ou dictionnaire raisonné des sciences, des arts et des métiers / (Record no. 153645)

MARC details
000 -LEADER
campo de control de longitud fija 01100nam a2200241 i 4500
001 - NÚMERO DE CONTROL
campo de control 153645
003 - IDENTIFICADOR DE NÚMERO DE CONTROL
campo de control ES-MaACL
005 - FECHA Y HORA DE LA ÚLTIMA TRANSACCIÓN
campo de control 20250905165303.0
008 - DATOS DE LONGITUD FIJA--INFORMACIÓN GENERAL
campo de control de longitud fija 931025s1765 fr ax |||| | fre d
245 00 - MENCIÓN DEL TÍTULO
Título Encyclopédie, ou dictionnaire raisonné des sciences, des arts et des métiers /
Mención de responsabilidad, etc. par une société de gens de lettres, mis en ordre et publié par Mr<. *** ... ; tome quatorzieme.
260 ## - PUBLICACIÓN, DISTRIBUCIÓN, ETC.
Lugar de publicación, distribución, etc. A Neufchastel :
Nombre del editor, distribuidor, etc. chez Samuel Faulche & Compagnie ...,
Fecha de publicación, distribución, etc. 1765.
300 ## - DESCRIPCIÓN FÍSICA
Extensión [2], 949 p. ;
Dimensiones Fol.
505 8# - NOTA DE CONTENIDO CON FORMATO
Nota de contenido con formato Contiene : Letras REGGI-SEM
597 #1 - NOTA DE DESCRIPCIÓN FÍSICA
NOTA DE DESCRIPCIÓN FÍSICA Sign.: [ ]\p1\s, A-Z\p4\s, 2A-2Z\p4\s, 3A-3I\p4\s, 3K\p\s5\s, 4A-4Z\p4\s, 5A-5Z\p4\s, 6A-6C\p4\s, 6D\p2\s.
597 #1 - NOTA DE DESCRIPCIÓN FÍSICA
NOTA DE DESCRIPCIÓN FÍSICA Texto a dos col.
597 #1 - NOTA DE DESCRIPCIÓN FÍSICA
NOTA DE DESCRIPCIÓN FÍSICA Port. con grab. xil.
650 ## - PUNTO DE ACCESO ADICIONAL DE MATERIA--TÉRMINO DE MATERIA
Término de materia o nombre geográfico como elemento de entrada Enciclopedias.
9 (RLIN) 12235
700 #1 - ENTRADA AGREGADA--NOMBRE PERSONAL
Nombre de persona Faulche, Samuel y Cía.
Término indicativo de función/relación
9 (RLIN) 233410
710 21 - ENTRADA AGREGADA--NOMBRE DE ENTIDAD CORPORATIVA
Nombre de entidad corporativa o nombre de jurisdicción como elemento de entrada Société de Gens de Lettres, de Savans et d'Artistes.
9 (RLIN) 134954
752 ## - ENTRADA AGREGADA--NOMBRE JERÁRQUICO DEL LUGAR
País o entidad superior Suiza -
Ciudad Neuchâtel
852 ## - LOCALIZACIÓN
Ubicación ES-MaACL
Número de control de estantería R-2123
Nota libre -- Enc. pasta con hierros dorados
-- -- Ex-libris del duque de Hyjar
Signatura antigua -- Olim: C-10419
Holdings
Estatus retirado Estado de pérdida Estado de daño No para préstamo Colección Biblioteca de origen Biblioteca actual Ubicación en estantería Fecha de adquisición Fuente de adquisición Total de préstamos Signatura topográfica completa Código de barras Visto por última vez Precio de reemplazo Tipo de ítem Koha
        Colección de referencia Biblioteca del Ateneo de Madrid Biblioteca del Ateneo de Madrid Depósito 17/01/2008     R-2123 1160626 23/02/2023 23/02/2023 Libro impreso antiguo